Indicadores microbiologicos de calidad sanitaria de aguas de consumo y su asociacion con factores de riesgos sanitarios en la poblacion de la cabecera municipal del municipio de Talaigua Nuevo Bolívar en el segundo periodo del 2014 / (Registro nro. 3042)

Detalles MARC
000 -LEADER
fixed length control field 01740nam a2200349 a 4500
003 - CONTROL NUMBER IDENTIFIER
control field CO-CtgCURN
005 - DATE AND TIME OF LATEST TRANSACTION
control field 20250329165416.0
008 - FIXED-LENGTH DATA ELEMENTS--GENERAL INFORMATION
fixed length control field 160531s2014 000 0 eng d
040 ## - CATALOGING SOURCE
Original cataloging agency CO-CtgCURN
Language of cataloging spa
Transcribing agency coctgcurn
082 0# - DEWEY DECIMAL CLASSIFICATION NUMBER
Classification number BAC 2014
Item number S161
245 00 - TITLE STATEMENT
Title Indicadores microbiologicos de calidad sanitaria de aguas de consumo y su asociacion con factores de riesgos sanitarios en la poblacion de la cabecera municipal del municipio de Talaigua Nuevo Bolívar en el segundo periodo del 2014 /
Statement of responsibility, etc. Junior José Salas Arrieta ... [et al.] ; asesor, Elincer Elles Navarro.
260 ## - PUBLICATION, DISTRIBUTION, ETC.
Place of publication, distribution, etc. Cartagena de Indias :
Name of publisher, distributor, etc. Corporación Universitaria Rafael Nuñez,
Date of publication, distribution, etc. 2014.
300 ## - PHYSICAL DESCRIPTION
Extent 1 CD-Rom.
336 ## - CONTENT TYPE
Source rdacontent
337 ## - MEDIA TYPE
Source rdamedia
Media type term sin mediacion
Media type code n
338 ## - CARRIER TYPE
Source rdacarrier
Carrier type term volumen
Carrier type code nc
500 ## - GENERAL NOTE
General note Incluye anexos.
502 ## - DISSERTATION NOTE
Dissertation note Trabajo de grado (Bacteriologo). Corporación Universitaria Rafael Nuñez. Facultad de Ciencias de la Salud. Programa de Bacteriologia, 2014.
504 ## - BIBLIOGRAPHY, ETC. NOTE
Bibliography, etc. note Incluye bibliografia.
590 ## - LOCAL NOTE (RLIN)
Local note Bacteriologia
650 #0 - SUBJECT ADDED ENTRY--TOPICAL TERM
Topical term or geographic name entry element Bacteriologia
Form subdivision Tesis y disertaciones academicas.
650 #0 - SUBJECT ADDED ENTRY--TOPICAL TERM
Topical term or geographic name entry element Calidad del agua
Form subdivision Mediciones
Chronological subdivision 2014.
650 #0 - SUBJECT ADDED ENTRY--TOPICAL TERM
Topical term or geographic name entry element Indicadores ambientales.
700 1# - ADDED ENTRY--PERSONAL NAME
Personal name Salas Arrieta, Junior José.
700 1# - ADDED ENTRY--PERSONAL NAME
Personal name Cortes Espitia, Laura Vanessa.
700 1# - ADDED ENTRY--PERSONAL NAME
Personal name Jiménez Cera, María Gabriela.
700 1# - ADDED ENTRY--PERSONAL NAME
Personal name Romero Niebles, Naileth Sofia.
700 1# - ADDED ENTRY--PERSONAL NAME
Personal name Elles Navarro, Elincer,
Relator term asesor.
856 7# - ELECTRONIC LOCATION AND ACCESS
Uniform Resource Identifier <a href="https://unicurn.sharepoint.com/:b:/s/biblioteca/ESqUCT22zvlMs9ik9kko1D4B_VuhcJSSfPfLEe-7MauTuQ?e=DfP8L2">https://unicurn.sharepoint.com/:b:/s/biblioteca/ESqUCT22zvlMs9ik9kko1D4B_VuhcJSSfPfLEe-7MauTuQ?e=DfP8L2</a>
Public note Click aqui para ver el recurso en texto completo
942 ## - ADDED ENTRY ELEMENTS (KOHA)
Classification part BAC 2014
Item part S161
Source of classification or shelving scheme Dewey Decimal Classification
Koha item type Trabajos de grado
Existencias
Withdrawn status Lost status Damaged status Not for loan Collection Home library Current library Shelving location Date acquired Cost, normal purchase price Total checkouts Full call number Barcode Date last seen Price effective from Koha item type
        Trabajos de grado Miguel Henríquez Emiliani Miguel Henríquez Emiliani Trabajo de grado 09/23/2018 35000.00   BAC 2014 S161 020536 03/29/2025 03/29/2025 Trabajos de grado